[Event "Challenge"]
[Site "http://www.queenalice.com/game.php?id=350236"]
[Date "2008.2.7"]
[Round "-"]
[White "antikythera"]
[Black "omegagirl"]
[Result "1-0"]
[WhiteElo "1588"]
[BlackElo "1125"]

1. Nf3 d5 2. d4 e6 3. c4 dxc4 4. Qa4+ Bd7 5. Qxc4 Nf6 6. Bf4 Nc6 7. Ne5 Bb4+ 8.
Nc3 Qe7 9. e3 a5 10. a3 Bd6 11. Nb5 O-O 12. Nxc6 Bxc6 13. Bxd6 cxd6 14. Bd3 d5
15. Qc3 Ne4 16. Qc2 Qf6 17. O-O Qf5 18. Nd6 Qg4 19. f3 Qh4 20. fxe4 1-0

[Event "Revanche"]
[Site "http://www.queenalice.com/game.php?id=350448"]
[Date "2008.2.8"]
[Round "-"]
[White "Luke1416"]
[Black "antikythera"]
[Result "0-1"]
[WhiteElo "1602"]
[BlackElo "1585"]

1. e4 Nf6 2. d3 e5 3. Nf3 Nc6 4. Bg5 h6 5. Bxf6 Qxf6 6. c3 Bc5 7. b4 Bb6 8. a4
a5 9. b5 Nb8 10. Be2 g5 11. d4 d6 12. O-O h5 13. dxe5 dxe5 14. Qd2 g4 15. Ng5 h4
16. g3 hxg3 17. hxg3 Qh6 18. Nf3 Qh1# 0-1

[Event "Revanche"]
[Site "http://www.queenalice.com/game.php?id=356873"]
[Date "2008.2.19"]
[Round "-"]
[White "antikythera"]
[Black "Luke1416"]
[Result "1-0"]
[WhiteElo "1613"]
[BlackElo "1575"]

1. d4 d5 2. c4 c6 3. Nf3 Nf6 4. Nc3 e6 5. e3 Bb4 6. a3 Bxc3+ 7. bxc3 O-O 8. Bd3
dxc4 9. Bxc4 b5 10. Bd3 Nbd7 11. Qc2 Bb7 12. Ng5 g6 13. O-O c5 14. Bxb5 Nb6 15.
dxc5 a6 16. Ba4 Nc4 17. c6 Bc8 18. Rd1 Qc7 19. Nf3 Rd8 20. Rxd8+ Qxd8 21. e4 Qc7
22. Bg5 Nh5 23. Qb3 Na5 24. Qb4 Nxc6 25. Qc5 Bd7 26. Nd4 Rc8 27. g3 Nxd4 28.
Qxd4 Bxa4 29. Qxa4 Qxc3 30. Rc1 Qe5 31. Rxc8+ Kg7 32. Be7 Qb5 33. Qd4+ f6 34.
Bf8+ Kf7 35. Qa7+ 1-0

[Event "Challenge"]
[Site "http://www.queenalice.com/game.php?id=361737"]
[Date "2008.2.26"]
[Round "-"]
[White "antikythera"]
[Black "Mike36bh"]
[Result "1-0"]
[WhiteElo "1590"]
[BlackElo "1777"]

1. d4 d5 2. c4 dxc4 3. e3 b5 4. Qf3 c6 5. Nc3 Nf6 6. Nxb5 Qa5+ 7. Nc3 e5 8. dxe5
Qxe5 9. Bxc4 Be6 10. Bb5 Bd5 11. Nxd5 Nxd5 12. Ba4 Bb4+ 13. Ke2 O-O 14. a3 Bxa3
15. Rxa3 a5 16. Rd3 Ra6 17. Bb3 a4 18. Bxd5 cxd5 19. Rxd5 Qc7 20. Rd1 Qc2+ 21.
Ke1 Nd7 22. Ne2 Ne5 23. Qd5 Nc4 24. Nd4 Qg6 25. Qxc4 Qxg2 26. Ke2 Rf6 27. Rdf1
Qg4+ 28. f3 Qd7 29. Rhg1 Re8 30. e4 Rc8 31. Qb4 Rd6 32. Be3 Qd8 33. Qxa4 Rb8 34.
b3 Ra8 35. Qb4 Ra2+ 36. Kd1 Rda6 37. Rf2 Rb6 38. Qc3 Ra3 39. Ke1 Rba6 40. Rxg7+
Kf8 41. Rfg2 Rg6 42. R7xg6 hxg6 43. Nc6 Qc7 44. Qb4+ Kg7 45. Qxa3 Qxc6 46. Qb2+
f6 47. Rc2 Qd6 48. Qd4 Qe7 49. Qa7 Qxa7 50. Bxa7 f5 51. exf5 gxf5 52. b4 Kf6 53.
Rc4 Ke5 54. Rd4 f4 55. b5 1-0

[Event "Revanche"]
[Site "http://www.queenalice.com/game.php?id=377182"]
[Date "2008.3.26"]
[Round "-"]
[White "Luke1416"]
[Black "antikythera"]
[Result "0-1"]
[WhiteElo "1590"]
[BlackElo "1634"]

1. e4 e5 2. Nf3 Nf6 3. d3 Nc6 4. Bg5 h6 5. Bxf6 Qxf6 6. h3 Bc5 7. Qd2 O-O 8. a3
Nd4 9. Nxd4 Bxd4 10. c3 Bb6 11. Be2 Qxf2+ 12. Kd1 Qxg2 13. Qe1 d6 14. h4 Bg4 15.
Bxg4 Qxg4+ 16. Qe2 Qxe2+ 17. Kxe2 c5 18. Nd2 a5 19. Rh2 Bd8 20. Rg1 Bf6 21. b4
b6 22. bxc5 dxc5 23. Nf3 b5 24. Rhg2 b4 25. cxb4 cxb4 26. axb4 axb4 27. Rb1 Rfb8
28. Kf1 Ra3 29. Rd2 Ra4 30. Rdb2 g5 31. hxg5 hxg5 32. Nh2 Be7 33. Ng4 f6 34.
Nh6+ Kh7 35. Nf5 Bc5 36. Ke2 Ra3 37. Rh1+ Kg8 38. Nh6+ Kf8 39. Nf5 Kf7 40. Rh7+
Kg6 41. Rg7+ Kh5 42. Rf7 Rb6 43. Rc7 Bf8 44. Ne3 b3 45. Nc4 Ra2 46. Rc8 Ba3 47.
Nxb6 Rxb2+ 48. Ke3 Rb1 49. Nc4 Bc1+ 50. Ke2 Kg4 51. Nd2 Bxd2 52. Kxd2 b2 53. Rb8
Kf4 54. Kc2 Rh1 55. Kxb2 g4 56. Rf8 Rh6 57. Kc2 g3 58. Rg8 Kf3 59. Kd2 Kf2 60.
Rg7 g2 61. d4 g1=Q 62. Rxg1 Kxg1 63. dxe5 fxe5 64. Kd3 Rh4 65. Ke3 Rf4 66. Kd3
Kf2 67. Kd2 Rxe4 68. Kd3 Kf3 69. Kd2 Re3 70. Kc2 Ke2 71. Kb2 Kd2 72. Kb1 Rb3+
73. Ka2 Kc2 74. Ka1 Ra3# 0-1

[Event "Nova Revanche"]
[Site "http://www.queenalice.com/game.php?id=377191"]
[Date "2008.3.26"]
[Round "-"]
[White "antikythera"]
[Black "Luke1416"]
[Result "1-0"]
[WhiteElo "1658"]
[BlackElo "1592"]

1. d4 d5 2. c4 e6 3. Nc3 Bb4 4. Nf3 Bxc3+ 5. bxc3 Nf6 6. Qa4+ Bd7 7. Qb3 b6 8.
Bg5 dxc4 9. Qxc4 b5 10. Qb3 h6 11. Bxf6 Qxf6 12. e3 O-O 13. Bxb5 Bxb5 14. Qxb5
a6 15. Qa5 Qe7 16. O-O Nc6 17. Qa4 Qd6 18. c4 Rfb8 19. c5 Qd5 20. Rfe1 Rb4 21.
e4 Rxa4 22. exd5 exd5 23. Red1 Rb8 24. a3 Rb3 25. Ne5 Nxe5 26. dxe5 Rbxa3 27.
Rxa3 Rxa3 28. g3 c6 29. Rb1 d4 30. Rb2 d3 31. Kf1 Ra1+ 32. Kg2 a5 33. Kf3 a4 34.
Rd2 Ra3 35. Ke4 Rb3 36. Ra2 a3 37. Kd4 Rb2 38. Rxa3 d2 39. Ra1 Rc2 40. Rd1 Kf8
41. Kd3 Rxc5 42. f4 Rd5+ 43. Kc2 Ke7 44. Rxd2 Rc5+ 45. Kd3 f6 46. exf6+ Kxf6 47.
Rc2 Rd5+ 48. Ke4 Rd6 49. f5 g6 50. g4 gxf5+ 51. gxf5 h5 52. h4 Kf7 53. Ke5 Rd5+
54. Ke4 Rd6 55. Rc5 Ke7 56. Ke5 Kd7 57. f6 Re6+ 58. Kf5 Kd6 59. f7 Ke7 60. f8=Q+
Kxf8 61. Kxe6 Kg7 62. Rxc6 Kg6 63. Rc5 Kh6 64. Kf6 Kh7 65. Rg5 Kh6 66. Rg6+ Kh7
67. Kf7 Kh8 68. Rh6# 1-0

[Event "AUTO-INT-847"]
[Site "http://www.queenalice.com/game.php?id=377950"]
[Date "2008.3.27"]
[Round "1"]
[White "antikythera"]
[Black "kamikaze"]
[Result "1-0"]
[WhiteElo "1661"]
[BlackElo "1767"]

1. d4 d5 2. c4 c6 3. Nf3 h6 4. cxd5 Qxd5 5. Qa4 Bd7 6. Ne5 b5 7. Qb3 Be6 8. Qxd5
Bxd5 9. e3 Nf6 10. Bd3 e6 11. e4 Bxe4 12. Bxe4 Nxe4 13. O-O Be7 14. Nc3 Nf6 15.
a3 O-O 16. Bd2 Bd6 17. Bf4 Bxe5 18. Bxe5 Nbd7 19. Bd6 Rfe8 20. Bb4 Nb6 21. g3
Nc4 22. b3 Nd2 23. Rfd1 Nf3+ 24. Kg2 Ng5 25. h4 Nge4 26. Nxe4 Nxe4 27. Re1 f5
28. Rac1 Rac8 29. g4 Red8 30. f3 1-0

[Event "AUTO-INT-847"]
[Site "http://www.queenalice.com/game.php?id=377951"]
[Date "2008.3.27"]
[Round "1"]
[White "kamikaze"]
[Black "antikythera"]
[Result "0-1"]
[WhiteElo "1747"]
[BlackElo "1681"]

1. Nf3 d5 2. d4 c6 3. e3 Bg4 4. Nbd2 Nf6 5. c4 e6 6. a3 Be7 7. c5 O-O 8. h3 Bxf3
9. Nxf3 b6 10. b4 b5 11. Bd3 a5 12. Bd2 axb4 13. axb4 Rxa1 14. Qxa1 Nbd7 15. O-O
h6 16. Qa6 Nb8 17. Qa2 Qc8 18. Ra1 Qc7 19. Qb2 g5 20. Ne5 h5 21. Be2 Nbd7 22.
Nxd7 Qxd7 23. Qb1 Ne4 24. Be1 h4 25. Bf3 f6 26. Bxe4 dxe4 0-1

[Event "AUTO-INT-847"]
[Site "http://www.queenalice.com/game.php?id=377952"]
[Date "2008.3.27"]
[Round "1"]
[White "antikythera"]
[Black "josuejam"]
[Result "1-0"]
[WhiteElo "1696"]
[BlackElo "1665"]

1. d4 d5 2. c4 e6 3. Nc3 dxc4 4. Qa4+ c6 5. Qxc4 Nf6 6. Bg5 Be7 7. e3 h6 8. Bxf6
Bxf6 9. Nf3 O-O 10. Bd3 Qb6 11. b3 a6 12. Na4 Qb5 13. Qc2 Qa5+ 14. Nd2 b6 15.
O-O Bb7 16. Nc4 Qg5 17. Naxb6 Ra7 18. f4 Qh5 19. Be2 Qg6 20. Qxg6 fxg6 21. Bg4
Re8 22. Nd6 Rd8 23. Bxe6+ Kh7 24. Ndc8 1-0

[Event "AUTO-INT-847"]
[Site "http://www.queenalice.com/game.php?id=377953"]
[Date "2008.3.27"]
[Round "1"]
[White "josuejam"]
[Black "antikythera"]
[Result "0-1"]
[WhiteElo "1739"]
[BlackElo "1648"]

1. e4 e5 2. Nf3 Nc6 3. Bc4 Nf6 4. Nc3 Bc5 5. h3 O-O 6. O-O d6 7. d3 Bd7 8. Re1
Nd4 9. Nd5 Nxf3+ 10. Qxf3 c6 11. Nxf6+ Qxf6 12. Qxf6 gxf6 13. Be3 b5 14. Bxc5
dxc5 15. Bb3 a5 16. a4 b4 17. Rad1 Rad8 18. Re3 f5 19. Rg3+ Kh8 0-1

[Event "AUTO-INT-663"]
[Site "http://www.queenalice.com/game.php?id=408308"]
[Date "2008.5.26"]
[Round "2"]
[White "antikythera"]
[Black "Indefinable"]
[Result "0-1"]
[WhiteElo "1709"]
[BlackElo "2004"]

1. d4 d5 2. c4 e6 3. Nc3 Be7 4. Nf3 c6 5. e3 Nf6 6. Be2 Nbd7 7. O-O Nf8 8. b3
Ng6 9. g3 O-O 10. Bd2 h6 11. a4 Nh7 12. Bd3 f5 13. Qe2 Ng5 14. Nxg5 hxg5 15. f4
gxf4 0-1

[Event "AUTO-INT-663"]
[Site "http://www.queenalice.com/game.php?id=408309"]
[Date "2008.5.26"]
[Round "2"]
[White "Indefinable"]
[Black "antikythera"]
[Result "1-0"]
[WhiteElo "2008"]
[BlackElo "1705"]

1. e4 e5 2. Nf3 Nc6 3. Bb5 a6 4. Ba4 Nf6 5. O-O Bd6 6. Re1 O-O 7. c3 b5 8. Bc2
Bc5 9. d4 exd4 10. cxd4 Bb4 11. Nc3 Re8 12. Bg5 h6 13. Bh4 Bb7 14. e5 1-0

[Event "Revanche"]
[Site "http://www.queenalice.com/game.php?id=420659"]
[Date "2008.6.20"]
[Round "-"]
[White "Luke1416"]
[Black "antikythera"]
[Result "1-0"]
[WhiteElo "1681"]
[BlackElo "1709"]

1. e4 e5 2. Nf3 Nf6 3. d3 Nc6 4. Bg5 h6 5. Bxf6 Qxf6 6. g3 Bc5 7. Be2 d6 8. O-O
Bh3 9. Re1 g5 10. Bf1 Bg4 11. Bg2 Bh5 12. h3 1-0